日本の都市 空撮クイズ - Statistics

General Stats
  • This quiz has been taken 1,193 times
  • The average score is 32 of 54
Answer Stats
Picture Answer % Correct
大阪
89%
広島
87%
福岡
86%
東京
85%
神戸
85%
名古屋
84%
横浜
83%
京都
80%
函館
79%
新潟
78%
鹿児島
77%
大津
77%
下関
75%
北九州
74%
長崎
73%
静岡
73%
高知
70%
横須賀
70%
札幌
70%
富山
69%
仙台
66%
青森
66%
岡山
66%
松江
64%
徳島
62%
松山
61%
長野
60%
さいたま
59%
58%
松本
56%
大分
56%
旭川
55%
山形
55%
姫路
54%
稚内
53%
甲府
53%
宇都宮
52%
山口
51%
釧路
51%
福井
51%
福山
50%
佐世保
49%
水戸
49%
高崎
49%
郡山
45%
根室
40%
八戸
38%
土浦
34%
いわき
33%
沼津
29%
奄美
28%
会津若松
23%
日光(今市)
19%
沼田
15%
No matching quizzes found
Score Distribution
Percent of People with Each Score
Percentile by Number Answered
Your Score History
You have not taken this quiz